Nena - ''99 Luftballons'' - Text - Statistiken

Allgemein
  • Dieses Quiz wurde 947 mal gespielt
    790 seit der letzten Aktualisierung
  • Das Durchschnittsergebnis liegt bei 112 aus 192
Antwortstatistiken
Wörter % Korrekt
Luftballon
99%
neunund- neunzig
99%
Neunund- neunzig
99%
's
97%
Horizont
91%
'n
90%
du
88%
Luftballons
86%
ein
85%
ich
85%
zu
84%
Auf
83%
für
83%
Weg
83%
zum
81%
dich
78%
ihrem
78%
Und
76%
und
76%
Von
75%
von
75%
Dann
74%
Lied
74%
mich?
74%
singe
74%
Hast
71%
Zeit
70%
etwas
69%
"Krieg!"
69%
Krieg
69%
so
66%
dem
65%
Das
64%
das
64%
'ne
64%
an
63%
man
62%
All
61%
Denk
61%
wär
61%
war
61%
General
60%
aus
58%
Düsenflieger
58%
Hielt
57%
Ufos
56%
fliegen
54%
am
53%
Denkst
53%
kommt
53%
hinterher
52%
schickte
52%
vielleicht
52%
Fliegerstaffel
51%
in
51%
sowas
50%
Darum
49%
grad
49%
Kriegsminister
49%
nicht
49%
Dabei
48%
wenn
48%
sich
47%
dass
46%
Dass
46%
Nur
46%
Die
45%
die
45%
es
43%
Alarm
42%
Hab
42%
Hielten
42%
dort
40%
geben,
40%
lass
40%
Krieger
38%
Benzinkanister
37%
ihn
37%
Jeder
37%
Leute
35%
auch
34%
großer
34%
schlaue
34%
Feuerwerk
33%
gibt
33%
keine
33%
mehr
32%
Streichholz
32%
Beute
31%
Kirk
31%
Captain
30%
fette
30%
jahre
30%
schon
30%
gab
29%
großes
29%
Witterten
29%
Nachbarn
28%
hätte
27%
wer
27%
gedacht
26%
haben
26%
gefunden
25%
fühlten
24%
gleich
24%
Wegen
24%
angemacht
23%
Riefen:
23%
schoss
23%
nichts
22%
Platz
22%
einmal
21%
Mann,
21%
Sieger
21%
gerafft
20%
Ließen
20%
weit
20%
keinen
19%
Seh
19%
Macht
18%
meine
18%
wollten
17%
Runden
16%
Welt
16%
Heute
15%
liegen
15%
Trümmern
14%
zieh
13%
Keine übereinstimmenden Quizze gefunden
Verteilung der Resultate
Anzahl Personen mit jedem Resultat
Perzentil nach korrekt beantworteten Fragen
Ihre Resultats-Entwicklung
Sie haben dieses Quiz seit der letzten Aktualisierung nicht gespielt